LDR 01226naa#a2200205#i#450# 001 RU\\bibl\120475 005 20260517001820.7 011 ## _a2782-5957 100 ## _a20260430b2026####ek#y0rusy0150####ca 102 ## _aRU 200 1# _aИЗУЧЕНИЕ ВЛИЯНИЯ РАЗРАБОТАННЫХ АКТИВИРУЮЩИХ ФЛЮСОВ НА ИОНИЗАЦИЮ СВАРОЧНОЙ ДУГИ И ГЛУБИНУ ПРОПЛАВЛЕНИЯ СТАЛИ 09Г2С ПРИ ИСПОЛЬЗОВАНИИ ТЕХНОЛОГИИ A-TIG _eЖурнальная статья 210 1# _aБрянск _cБрянский государственный технический университет _d2026 215 ## _a12 с. 608 ## _aЖурнальная статья _2local 675 ## _aСварка с глубоким проваром (проплавлением). 621.791.012.5 _aДуговая сварка в среде защитных газов. 621.791.754 _z 686 ## _aМеталловедение. 342 _2bbk 700 #1 _aУкраинцев _gАлександр Леонидович 700 #1 _aТерещенко _gАлександр Александрович 700 #1 _aМакаренко _gКонстантин Васильевич 856 4# _anaukaru.ru _u